000 00230nam a2200097Ia 4500
008 240331s9999 xx 000 0 und d
082 _bJAN
100 _aBhattacharya,R. ed
245 0 _aJanani mother daughters motherhood
942 _cL
999 _c4487
_d4487